zpět

Detail výsledku týmu

Pivní burza Jánská, Brno

Datum a čas kvízu

38 Celkem bodů Celkový počet nahraných bodů na tomto kvízu bez doplňovacích otázek.
3. Pořadí na kvízu Konečné umístění týmu na tomto kvízu.

Zaznamenané odpovědi

# Otázka Odpověď Body Výsledky
1. V médiích se minulý týden hojn... 1
2. Italské letovisko, které je ob... 1
3. Rakouská společnost Koch Media... 1
4. Společnost Coca-Cola přichází... 1
5. V průběhu loňského mistrovství... 0
6. Dlouhé názvy filmů byly v módě... 1
5. Volné pokračování úspěšné sati... 0
5. V roce 1974 natočil režisér Cl... 1
5. Francouzsko - španělská komedi... 1
5. V roce 1964 natočil slavný rež... 1